Online katalóg knižníc regiónu Turca

Atlas dinosaurov (Record no. 21343)

MARC details
000 -LEADER
fixed length control field 02521cam a2200589 a 4500
001 - CONTROL NUMBER
control field 21343
003 - CONTROL NUMBER IDENTIFIER
control field VRT
005 - DATE AND TIME OF LATEST TRANSACTION
control field 20260227143549.0
006 - FIXED-LENGTH DATA ELEMENTS--ADDITIONAL MATERIAL CHARACTERISTICS
fixed length control field m j i
008 - FIXED-LENGTH DATA ELEMENTS--GENERAL INFORMATION
fixed length control field 151112s2008 xo a j 001 0 slo
015 ## - NATIONAL BIBLIOGRAPHY NUMBER
National bibliography number SNBA2008/10-04689
020 ## - INTERNATIONAL STANDARD BOOK NUMBER
International Standard Book Number 9788055116860
Qualifying information (viaz.)
035 ## - SYSTEM CONTROL NUMBER
System control number FA4AB6EB-1B88-4666-A14E-D94CF53E19AF
035 ## - SYSTEM CONTROL NUMBER
System control number urn:nbn:sk:snk-amjvom
035 ## - SYSTEM CONTROL NUMBER
System control number urn:nbn:sk:snk-am0081jy
039 #9 - LEVEL OF BIBLIOGRAPHIC CONTROL AND CODING DETAIL [OBSOLETE]
Level of rules in bibliographic description 202512191125
Level of effort used to assign nonsubject heading access points csnk01
Level of effort used to assign subject headings 202512181233
Level of effort used to assign classification csnk01
Level of effort used to assign subject headings 202512181233
Level of effort used to assign classification csnk01
Level of effort used to assign subject headings 202512181232
Level of effort used to assign classification csnk01
040 ## - CATALOGING SOURCE
Original cataloging agency SNK
Language of cataloging slo
Transcribing agency SNK
Description conventions AACR2
041 1# - LANGUAGE CODE
Language code of text/sound track or separate title slo
Language code of original eng
044 ## - COUNTRY OF PUBLISHING/PRODUCING ENTITY CODE
MARC country code xo
ISO country code SK
072 #7 - SUBJECT CATEGORY CODE
Subject category code 56
Subject category code subdivision Paleontológia
Source konspekt
072 #7 - SUBJECT CATEGORY CODE
Subject category code 821-93
Subject category code subdivision Literatúra pre deti a mládež
Source konspekt
080 ## - UNIVERSAL DECIMAL CLASSIFICATION NUMBER
Universal Decimal Classification number 568.19
Edition identifier 2001
080 ## - UNIVERSAL DECIMAL CLASSIFICATION NUMBER
Universal Decimal Classification number (0.053.2)
Edition identifier 2001
080 ## - UNIVERSAL DECIMAL CLASSIFICATION NUMBER
Universal Decimal Classification number 56:574
Edition identifier 2001
080 ## - UNIVERSAL DECIMAL CLASSIFICATION NUMBER
Universal Decimal Classification number (084.42)
Edition identifier 2001
100 1# - MAIN ENTRY--PERSONAL NAME
Personal name Malam, John,
Dates associated with a name 1957-
Relationship aut
240 10 - UNIFORM TITLE
Uniform title Dinosaur atlas
Language of a work Slovensky
245 10 - TITLE STATEMENT
Title Atlas dinosaurov
Remainder of title [úžasná cesta strateným svetom : interaktívny CD-ROM s dinosaurami]
Statement of responsibility, etc. autori John Malam a John Woodward ; poradca Michael Benton ; [z anglického originálu preložil Martin Sabol]
260 ## - PUBLICATION, DISTRIBUTION, ETC.
Place of publication, distribution, etc. Bratislava
Name of publisher, distributor, etc. Ikar
Date of publication, distribution, etc. 2008
300 ## - PHYSICAL DESCRIPTION
Extent 96 s., [6] l. obr. príl.
Other physical details fareb. ilustr., mp.
Dimensions 30 cm
Accompanying material 1 CD-ROM
500 ## - GENERAL NOTE
General note Obr. príl. na priesvitných fóliach
504 ## - BIBLIOGRAPHY, ETC. NOTE
Bibliography, etc. note Obsahuje register a terminologický slovník
650 07 - SUBJECT ADDED ENTRY--TOPICAL TERM
Topical term or geographic name entry element dinosaury
Source of heading or term SNKPH
650 07 - SUBJECT ADDED ENTRY--TOPICAL TERM
Topical term or geographic name entry element paleoekológia
Source of heading or term SNKPH
650 07 - SUBJECT ADDED ENTRY--TOPICAL TERM
Topical term or geographic name entry element Dinosaurs
Source of heading or term SNKPHeng
650 07 - SUBJECT ADDED ENTRY--TOPICAL TERM
Topical term or geographic name entry element Paleoecology
Source of heading or term SNKPHeng
655 #7 - INDEX TERM--GENRE/FORM
Genre/form data or focus term atlasy
Source of term SNKPH
655 #7 - INDEX TERM--GENRE/FORM
Genre/form data or focus term publikácie pre mládež
Source of term SNKPH
655 #7 - INDEX TERM--GENRE/FORM
Genre/form data or focus term Juvenile literature
Source of term SNKPHeng
655 #7 - INDEX TERM--GENRE/FORM
Genre/form data or focus term Atlases
Source of term SNKPHeng
700 1# - ADDED ENTRY--PERSONAL NAME
Personal name Woodward, John,
Dates associated with a name 1954-
Relationship aut
700 1# - ADDED ENTRY--PERSONAL NAME
Personal name Benton, Michael J.,
Dates associated with a name 1956-
Relationship oth
700 1# - ADDED ENTRY--PERSONAL NAME
Personal name Sabol, Martin,
Dates associated with a name 1973-
Relationship trl
942 ## - ADDED ENTRY ELEMENTS (KOHA)
Source of classification or shelving scheme Dewey Decimal Classification
Koha item type Odborná literatúra pre deti
Suppress in OPAC No
949 ## - LOCAL PROCESSING INFORMATION (OCLC)
6 270001000318411
9 1 voľ. príl.-CD
a svkbbC 50944
b svkbbm 690102*
o TL;
949 ## - LOCAL PROCESSING INFORMATION (OCLC)
6 17A0598448
a snkSB 76635
b snk2008/16924
o 1291/08
q Príloha: 1 CD-ROM
r Príloha: 1 CD-ROM
s 6100:20140925
949 ## - LOCAL PROCESSING INFORMATION (OCLC)
6 17A0598382
a snkSB 76635 D1
b snk2008/16925
o 1291/08
q Príloha: 1 CD-ROM
r Príloha: 1 CD-ROM
949 ## - LOCAL PROCESSING INFORMATION (OCLC)
6 17A0598449
a snkSB 76635/príl.
b snk2008/16924
p Príloha
q Príloha: 1 CD-ROM
r Príloha: 1 CD-ROM
949 ## - LOCAL PROCESSING INFORMATION (OCLC)
6 17A0598383
a snkSB 76635/príl. D1
b snk2008/16925
p Príloha
q Príloha: 1 CD-ROM
r Príloha: 1 CD-ROM
949 ## - LOCAL PROCESSING INFORMATION (OCLC)
6 2889139047
a savukV 48576
b savuk2008/2895
q Skontrolovať vrátenie 1 CD-ROM
r Obsahuje 1 CD-ROM
Holdings
Stav vyradenia Strata Poškodenie Spôsob nadobudnutia Domovská knižnica Aktuálna knižnica Dátum nadobudnutia Total checkouts Čiarový kód exemplára Date last seen Typ exemplára
      Dar Obecná knižnica Horná Štubňa Obecná knižnica Horná Štubňa 27.02.2026   9788055116860 27.02.2026 Odborná literatúra pre deti
Projekt je podporený Slovenskou asociáciou knižníc
Prevádzkuje Turčianska knižnica Martin 2026